Score 0/26 Timer 04:00
3 Plays Today
Clue 4-Letter Word % Correct
Get groceriesSHOP
98.2%
Goatee's locationCHIN
96.1%
★Hit the brakes★★STOP★
96.1%
Break a toothCHIP
96%
Use FedExSHIP
95.6%
Public green space used for recreationPARK
93.9%
Bottle stopperCORK
93.2%
The other white meatPORK
93.2%
Apple discardCORE
88.5%
The 'C' in 'TLC'CARE
86.1%
RippedTORE
80.9%
Edible earsCORN
80.9%
LISTEN!HARK
79%
Clue 4-Letter Word % Correct
Element of changeCOIN
77.5%
AbhorHATE
73%
DamageHARM
71.7%
BowlersHATS
62.3%
Pep Boys purchaseTIRE
60.7%
Amateur radio operatorsHAMS
60.3%
★Ratzenberger pig★★HAMM★
59.6%
Winner's checkMATE
58%
Hasselbeck or HoustonMATT
54%
Shopping siteMART
51%
'It Must Be Him' singer, Vikki ____CARR
43.3%
★Winner of '65 PGA Championship, Dave ___★MARR★
35.2%
★Use a stopwatch★★TIME★
32.5%

Today's Daily Dose

Remove Ads.
Support Sporcle.
Get the best of Sporcle when you Go Orange. This ad-free experience offers more features, more stats, and more fun while also helping to support Sporcle. Thank you for becoming a member.

You're not logged in!

Compare scores with friends on all Sporcle quizzes.
OR
Log In

Show Comments

Extras

Top Quizzes Today


Score Distribution

Your Account Isn't Verified!

In order to create a playlist on Sporcle, you need to verify the email address you used during registration. Go to your Sporcle Settings to finish the process.

Report this User

Report this user for behavior that violates our Community Guidelines.

Details: